Kooperácia podnikateľských subjektov s neziskovými organizáciami tretieho sektora

V krátkom období po demokratických zmenách v roku 1989 sa na Slovensku zrodilo vyše 20 000 registrovaných neziskových organizácií tretieho sektora. Len menšia časť z nich je však schopná dlhodobejšie prežiť a zvyšovať kvalitu života spoločnosti. K trvalej udržateľnosti neziskových organizácií tretie...

ver descrição completa

Na minha lista:
Detalhes bibliográficos
Autor principal: Bukovová, Sylvia, 1959-
Outros Autores: Beličková, Kornélia, 1966-
Formato: Capítulo de Livro
Idioma:eslovaco
Assuntos:
Tags: Adicionar Tag
Sem tags, seja o primeiro a adicionar uma tag!

MARC

LEADER 00000nla$a2200000$$$4500
001 0114148
005 20240502072254.1
041 0 |a slo 
044 |a SK 
245 1 0 |a Kooperácia podnikateľských subjektov s neziskovými organizáciami tretieho sektora  |c Sylvia Bukovová, Kornélia Beličková 
520 |a V krátkom období po demokratických zmenách v roku 1989 sa na Slovensku zrodilo vyše 20 000 registrovaných neziskových organizácií tretieho sektora. Len menšia časť z nich je však schopná dlhodobejšie prežiť a zvyšovať kvalitu života spoločnosti. K trvalej udržateľnosti neziskových organizácií tretieho sektora, predovšetkým tej finančnej, môže prispieť aj medzisektorová spolupráca. Formy kooperačných vzťahov medzi podnikmi ziskového sektora a organizáciami tretieho sektora. Význam kooperácie medzi organizáciami ziskového a neziskového sektora pre podnikateľské subjekty. Význam kooperačných vzťahov s podnikateľskými subjektmi pre organizácie tretieho sektora. Možnosti rozvoja kooperácie podnikateľských a neziskových organizácií. 
610 2 0 |a organizácie neziskové 
610 2 0 |a podnikatelia 
610 2 0 |a firmy 
610 2 0 |a kooperácia 
100 1 |a Bukovová, Sylvia, 1959- 
700 1 |a Beličková, Kornélia, 1966-